Totálne produktívna údržba TPM vyžaduje projektový prístup

Obsahové vymedzenie pojmu total productive maintenance (TPM). Implementácia metódy TPM. Program a projekt TPM. Fázy riadenia projektu.

Gespeichert in:
Bibliographische Detailangaben
1. Verfasser: Rakyta, Miroslav
Format: Buchkapitel
Sprache:Slowakisch
Schlagworte:
Tags: Tag hinzufügen
Keine Tags, Fügen Sie das erste Tag hinzu!

MARC

LEADER 00000naa a2200000 4500
001 r045357
005 20231002103915.3
041 0 |a slo 
044 |a CZ 
245 1 0 |a Totálne produktívna údržba  |b TPM vyžaduje projektový prístup  |c Miroslav Rakyta 
520 |a Obsahové vymedzenie pojmu total productive maintenance (TPM). Implementácia metódy TPM. Program a projekt TPM. Fázy riadenia projektu. 
610 2 0 |a údržba 
610 2 0 |a produktivita práce 
610 2 0 |a motivácia pracovná 
610 2 0 |a podnik 
610 2 0 |a útvary podnikové 
610 2 0 |a znižovanie nákladov 
610 2 0 |a výroba 
100 1 |a Rakyta, Miroslav